00513 2200193 4500001002100000005001500021035002000036007000300056008004100059020000600100082001300106084002000119100002100139245006600160250000600226260003200232300004500264650001000309INLIS00000000000203620260223093552 a0010-0226000046ta260223 d 1 ind  a- a741.5592 a741.5592 MOR g0 aMorimoto Kozueko1 aGokusen vol. 3 :bKembalinya Sang Legenda /cMorimoto Kozueko a- aJakarta :bLevel Comics,c- aii + 185 hlm. :bilus. ;c11.5 x 17.5 cm aKomik